| 000 | 005010000a22001570004500 | ||
|---|---|---|---|
| 003 | MACL | ||
| 005 | 20170810122621.0 | ||
| 008 | 170810b xxu||||| |||| 00| 0 eng d | ||
| 040 | _cmacl | ||
| 100 |
_aगुप्त,डॉ भगवान स्वरूप _968603 |
||
| 245 | _aगणित के रोचक खेल | ||
| 260 |
_bविध्या बिहार _c2002 _aनई दिल्ली |
||
| 350 | _a120 | ||
| 650 |
_aगणित _968604 |
||
| 942 |
_cHIN _k510 _2ddc |
||
| 999 |
_c9266 _d9266 |
||